| 000 | 01187cam a22003255i 4500 | ||
|---|---|---|---|
| 001 | 1183720 | ||
| 003 | EG-ScBUE | ||
| 005 | 20251221110735.0 | ||
| 008 | 970708t1997 flua f b 001 0 eng d | ||
| 020 | _a9781566765596 | ||
| 040 |
_aEG-ScBUE _beng _erda _cEG-ScBUE _dEG-ScBUE |
||
| 082 | 0 | 4 |
_a547.7 _bPAI _222 |
| 100 | 1 |
_aPainter, Paul C., _938578 _eauthor. |
|
| 245 | 1 | 0 |
_aFundamentals of polymer science : _ban introductory text / _cPaul C. Painter, Michael M. Coleman, The Pennsylvania State University. |
| 250 | _aSecond edition. | ||
| 264 | 1 |
_aBoca Raton, Florida : _bCRC Press, _c[1997] |
|
| 264 | 4 | _cc1997 | |
| 300 |
_axv, 478 pages : _billustrations ; _c24 cm |
||
| 336 |
_2rdacontent _atext _btxt |
||
| 337 |
_aunmediated _2rdamedia _bn |
||
| 338 |
_avolume _bnc _2rdacarrier |
||
| 500 | _a'Copyright 1997 by CRC Press LLC. Originally published by Technomic Publishing.' | ||
| 504 | _aIncludes bibliographical references and index. | ||
| 650 | 7 |
_aPolymers. _2BUEsh _95875 |
|
| 650 | 7 |
_aPolymerization. _2BUEsh _96762 |
|
| 653 |
_bENGCHE _bENGGEN _cOctober2015 _cJanuary2016 |
||
| 655 |
_vReading book _934232 |
||
| 700 | 1 |
_aColeman, Michael M., _eauthor. |
|
| 942 |
_2ddc _cBB |
||
| 999 |
_c20985 _d20957 |
||